| 000 | 00370nam a22001217a 4500 | ||
|---|---|---|---|
| 008 | 130616b xxu||||| |||| 00| 0 eng d | ||
| 082 |
_222 ed. _a348.041WEE _b1 |
||
| 100 | _a ELLIS,C.Q. | ||
| 245 |
_aThe Weekly Law Reports 1995 VOL.1 _c ELLIS,C.Q. |
||
| 260 |
_aLONDON _bTHE INCORPROATE COUNCIL OF LAW REPORTING |
||
| 300 |
_axxxix.;1640p. _c24cm. |
||
| 942 |
_2ddc _cCDROM |
||
| 999 |
_c5411 _d5411 |
||